Faculty of Law Library — Cairo University

Official Online Catalog

المبادئ القانونية التي قررتها المحكمة الإدارية العليا في ربع قرن الفترة من 1/10/1991 إلى 30/9/2016. (Record no. 75233)

MARC details
000 -LEADER
fixed length control field 01355nam a2200301 i 4500
003 - CONTROL NUMBER IDENTIFIER
control field EG-GICUC
005 - DATE AND TIME OF LATEST TRANSACTION
control field 20260503152514.0
008 - FIXED-LENGTH DATA ELEMENTS--GENERAL INFORMATION
fixed length control field 260503s2016 ua d|||frv||| 000 0 eng d
040 ## - CATALOGING SOURCE
Original cataloging agency EG-GICUC
Language of cataloging ara
Transcribing agency EG-GICUC
Modifying agency EG-GICUC
Description conventions rda
041 0# - LANGUAGE CODE
Language code of text/sound track or separate title ara
082 04 - DEWEY DECIMAL CLASSIFICATION NUMBER
Edition number 21
Classification number 345.6
Item number م ج . م
092 04 - LOCALLY ASSIGNED DEWEY CALL NUMBER (OCLC)
Edition number 21
099 ## - LOCAL FREE-TEXT CALL NUMBER (OCLC)
Classification number Law1 07 345.6 م ج . م [2016]
110 1# - MAIN ENTRY--CORPORATE NAME
Corporate name or jurisdiction name as entry element مجلس الدولة.
Subordinate unit المحكمة الدستورية العليا.
-- المكتب الفني.
Location of meeting مصر
Relator term مؤلف.
245 12 - TITLE STATEMENT
Title المبادئ القانونية التي قررتها المحكمة الإدارية العليا في ربع قرن الفترة من 1/10/1991 إلى 30/9/2016.
Number of part/section of a work الجزء الثاني من حرف (ج) إلى حرف(د) :
Remainder of title مصنفة ومقارنة ومعلقا عليها /
Statement of responsibility, etc. مجلس الدولة.
264 #1 - PRODUCTION, PUBLICATION, DISTRIBUTION, MANUFACTURE, AND COPYRIGHT NOTICE
Place of production, publication, distribution, manufacture مصر :
Name of producer, publisher, distributor, manufacturer مجلس الدولة،
Date of production, publication, distribution, manufacture, or copyright notice 2016.
300 ## - PHYSICAL DESCRIPTION
Extent 1780 صفحة :
Other physical details جداول ؛
Dimensions 28 سم.
336 ## - CONTENT TYPE
Source rda content
Content type term text
337 ## - MEDIA TYPE
Source rda media
Media type term Computer
338 ## - CARRIER TYPE
Source rda carrier
Carrier type term Online Resource
504 ## - BIBLIOGRAPHY, ETC. NOTE
Bibliography, etc. note يشتمل على إرجاعات ببليوجرافية.<br/><br/>
546 ## - LANGUAGE NOTE
Language note النص باللغة العربية
650 1# - SUBJECT ADDED ENTRY--TOPICAL TERM
Topical term or geographic name entry element القرارت الإدارية
Source of heading or term qrmak
651 1# - SUBJECT ADDED ENTRY--GEOGRAPHIC NAME
Source of heading or term qrmak
856 40 - ELECTRONIC LOCATION AND ACCESS
Uniform Resource Identifier <a href="https://fll.law.cu.edu.eg/fulltext/bks/B07-04222.pdf">https://fll.law.cu.edu.eg/fulltext/bks/B07-04222.pdf</a>
905 ## - Cataloger and Reviser Names
Cataloger Name: Omar
942 ## - ADDED ENTRY ELEMENTS (KOHA)
Source of classification or shelving scheme Dewey Decimal Classification
Suppress in OPAC No
Koha item type Books
Edition 21
Holdings
Withdrawn status Lost status Source of classification or shelving scheme Damaged status Not for loan Collection Home library Current library Date acquired Total checkouts Full call number Barcode Date last seen Copy number Price effective from Koha item type
    Dewey Decimal Classification   Not for loan القانون الإداري جــــامعة القــاهرة مكتبة كلية الحقوق - المبنى الرئيسي 03.05.2026   Law1 07 345.6 م ج . م [2016] 0704222 V2, C1 B07-04222 03.05.2026 1 03.05.2026 Books

© All rights reserved — Faculty of Law, Cairo University

Implemented and Customized by: Eng. M. Mohamady